| 000 | 01361nam a22003135a 4500 | ||
|---|---|---|---|
| 999 |
_c27336 _d27307 |
||
| 003 | EG-ScBUE | ||
| 005 | 20190401112641.0 | ||
| 008 | 190401s2016 sy frb 000 0 ara d | ||
| 020 | _a9789933505783 | ||
| 040 |
_aEG-ScBUE _bara _cEG-ScBUE _dEG-ScBUE |
||
| 041 | 1 |
_aara _heng |
|
| 082 | 0 | 4 |
_a320.014 _bف ي ر _222 |
| 082 | 0 | 4 |
_a401.41 _bف ي ر _222 |
| 100 | 1 | _aفيركلاو، إيزابيلا. | |
| 240 | 1 | 0 |
_aPolitical discourse analysis. _lArabic |
| 245 | 1 | 0 |
_aتحليل الخطاب السياسي : _bمقاربة لطلاب الدراسات المتقدمة والعليا / _cإيزابيلا فيركلاو، نورمان فيركلاو ؛ نقله إلى العربية عبد الفتاح عمورة. |
| 260 |
_aدمشق : _bدار الفرقد، _c2016. |
||
| 300 |
_a535 ص. ؛ _c24 سم. |
||
| 504 | _aيشتمل على إرجاعات ببليوجرافية. | ||
| 546 | _aالنص باللغة العربية ؛ مترجم من اللغة الإنجليزية. | ||
| 650 | 7 |
_aالخطب السياسية. _2BUEsh |
|
| 650 | 7 |
_aالإعلام _xجوانب سياسية. _2BUEsh |
|
| 650 | 7 |
_aتحليل الخطاب _xجوانب سياسية. _2BUEsh _917703 |
|
| 651 | _2BUEsh | ||
| 653 |
_bBUSBOL _bHHUUEENN |
||
| 700 | 1 | _aفيركلاو، نورمان. | |
| 700 | 1 |
_aعمورة، عبد الفتاح، _eمترجم. |
|
| 942 | _2ddc | ||